| 000 | 01106cab a22002055a 4500 | ||
|---|---|---|---|
| 001 | L137052 | ||
| 008 | 070312e2007 xxk 000 0 eng d | ||
| 035 | _a(Sirsi) u137052 | ||
| 041 | _aeng | ||
| 100 | 1 | _aBrown, Katy | |
| 245 | _aCould do more | ||
| 260 | _c2007 | ||
| 490 | 0 |
_aWorkplacelaw _v(25) March 2007, 8-12(5) |
|
| 520 | _aDebates in detail the role of the client under the new Construction (Design and Management) Regulations 2007. Whilst the HSC/HSE claim the new Regulations simply clarify client's duties, others argue that they redefine the duties with clients facing much more responsibility managing health and safety throughout the duration of a construction project. Explains what clients must do/need not do under the new Regulations and discusses whether this is reasonable. Also looks at judging competence under the accompanying Approved Code of Practice. | ||
| 590 | _aKA | ||
| 650 | 2 | 4 | _aCONSTRUCTION (DESIGN AND MANAGEMENT) REGULATIONS 2007 |
| 651 | 4 | _aGREAT BRITAIN | |
| 690 | _aBUILT ENVIRONMENT-CONSTRUCTION MANAGEMENT-CONSTRUCTION DESIGN AND MANAGEMENT | ||
| 942 | _n0 | ||
| 999 |
_c78527 _d78527 |
||